000 00848nac a22002537a 4500
001 BR7601901
003 BR-BrBNA
005 20240105113932.0
008 230509b bl.|||m| |||| 00| 0 por d
040 _aBR-BrBNA
_bpor
_cBiblioteca Nacional de Agricultura
072 _aM10
090 _a8172 BR7601901
110 1 _aPrograma de Pesquisa e Desenvolvimento Pesqueiro do Brasil, Brasilia, DF
_97975
245 1 _aLocalizacao de cardumes de sardinha na Costa de Santa Catarina (P-E 7)[Brasil]
260 3 _aBrasilia, DF (Brasil):
_c1976.
300 _a7 p.
490 _aNavio de Pesquisa Cruz del Sur. Relatorio do Cruzeiro (Brazil)
_vno. 10
_x
650 _aPRODUCAO PESQUEIRA
650 _aSARDINHA
650 _aSANTA CATARINA
650 _aZONA LITORANEA
909 _a202312
_bLúcia Elande
_c55
_dLúcia Elande
942 _2AGRIS
_n0
_cMS
999 _c266440
_d266440